Los gozos y las sombras. (Record no. 135638)

MARC details
000 -LEADER
campo de control de longitud fija 00583nam a2200193 i 4500
001 - NÚMERO DE CONTROL
campo de control 135638
003 - IDENTIFICADOR DE NÚMERO DE CONTROL
campo de control ES-MaACL
005 - FECHA Y HORA DE LA ÚLTIMA TRANSACCIÓN
campo de control 20250323063043.0
007 - CAMPO FIJO DE DESCRIPCIÓN FÍSICA--INFORMACIÓN GENERAL
campo de control de longitud fija t|
008 - DATOS DE LONGITUD FIJA--INFORMACIÓN GENERAL
campo de control de longitud fija 070720s1971 sp ||||1| spa d
080 ## - NÚMERO DE LA CLASIFICACIÓN DECIMAL UNIVERSAL
Número de la Clasificación Decimal Universal 821.134.2-31"19"
100 1# - ENTRADA PRINCIPAL--NOMBRE DE PERSONA
Nombre de persona Torrente Ballester, Gonzalo,
Fechas asociadas al nombre 1910-1999
9 (RLIN) 110850
245 14 - MENCIÓN DEL TÍTULO
Título Los gozos y las sombras.
Número de parte o sección de la obra I,
Nombre de parte o sección de la obra El señor llega /
Mención de responsabilidad, etc. Gonzalo Torrente Ballester.
260 ## - PUBLICACIÓN, DISTRIBUCIÓN, ETC.
Lugar de publicación, distribución, etc. Madrid :
Nombre del editor, distribuidor, etc. Alianza Editorial,
Fecha de publicación, distribución, etc. [1971]
300 ## - DESCRIPCIÓN FÍSICA
Extensión 451 p. ;
Dimensiones 18 cm.
740 32 - ENTRADA AGREGADA--TÍTULO RELACIONADO/ANALÍTICO NO CONTROLADO
Título relacionado o analítico no controlado El señor llega.
852 ## - LOCALIZACIÓN
Ubicación ES-MaACL
Número de control de estantería C-40361
Holdings
Estatus retirado Estado de pérdida Estado de daño No para préstamo Biblioteca de origen Biblioteca actual Ubicación en estantería Fecha de adquisición Fuente de adquisición Total de préstamos Signatura topográfica completa Código de barras Visto por última vez Precio de reemplazo Tipo de ítem Koha
        Biblioteca del Ateneo de Madrid Biblioteca del Ateneo de Madrid Depósito 2 17/01/2008     C-40361 1141168 23/02/2023 23/02/2023 Libro impreso